banner-ar

تاريخ ليبيا : (Record no. 62640)

MARC details
000 -الفاتح
حقل البيانات ثابتة الطول 00929nam a22002177a 4500
005 - وقت وتاريخ اخر تعامل مع التسجيلة
رقم الضبط 20240530110600.0
008 - عناصر البيانات ثابتة الطول - معلومات عامة
حقل البيانات ثابتة الطول 160904s2014 ua o g 001 0 ara d
017 ## - رقم الايداع القانونى
رقم الايداع القانونى 2012/15135
المصدر ( الهيئة المختصة) مصر . دار الكتب المصرية
020 ## - الرقم الدولى المعيارى للكتب
الرقم الدولى المعيارى للكتاب 9789774097347
040 ## - مصدر الفهرسة
وكالة الفهرسة الأصلية EG-CaGPL
082 04 - رقم تصنيف ديوى العشرى
رقم الطبعة 21
رقم التصنيف 961.2\
رقم المادة ب ت
100 1# - المدخل الرئيسى - إسم شخصى
الإسم الشخصى باقانينى ، باولو.
245 10 - بيان العنوان
العنوان تاريخ ليبيا :
بقية العنوان من عمر المختار الى معمر القذافى /
بيان المسئوليه,etc باولوباقانينى ، نيقولاى ستاريكوف ؛اعداد وترجمه فوزى ربيع .
260 ## - PUBLICATION, DISTRIBUTION, ETC. (IMPRINT)
تاريخ النشر أو التوزيع 2012 .
300 ## - الوصف المادى
التعداد 319 ص؛
أبعاد الوعاء 24 سم .
651 04 - المدخل الاضافى بالموضوع - اسم جغرافى
الاسم الجغرافي ليبيا
التقسيم الفرعي العام تاريخ
التقسيم الفرعي الزمني العصر الحديث .
700 1# - المدخل الاضافى - اسم شخصى
الإسم الشخصى ستاريكوف ، نيقولاى
الدور مؤلف.
700 0# - المدخل الاضافى - اسم شخصى
الإسم الشخصى فوزى ربيع.
الدور معد ومترجم.
942 ## - عناصر المدخل الإضافي( كوها)
مصدر التصنيف او مخطط الترفيف Dewey Decimal Classification
Koha [default] item type كتاب
260 ## - PUBLICATION, DISTRIBUTION, ETC. (IMPRINT)
-- مصر :
-- كنوز للنشر والتوزيع ،
Holdings
حالة التراجع حالة الفقد حالة تلف ليس للاعارة المكان المؤقت الموقع الحالى تاريخ الاكتساب اجمالي اﻻعارات رقم الطلب الباركود تاريخ اخر مشاهدة تاريخ تفعيل السعر نوع وعاء كوها
        مكتبة القاهرة الكبرى مكتبة القاهرة الكبرى 09/04/2016   961.2\ ب ت 162430 09/04/2016 09/04/2016 كتاب

Powered By

EGPV